000 00732nam a2200229Ia 4500
001 b2508-23170 [1976]
003 IT-MiCISF
008 161014s9999||||xx |||||||||||||| ||und||
040 _aIT-MiCISF
_cIT-MiCISF
041 _ait
100 _aFava Vizziello Graziella
245 0 _aGenitori psicotici
_bPercorsi clinici di figli di pazienti psichiatrici
250 _a1a ed.
260 _a Torino
_bBollati Boringhieri
_c1991
300 _app. 245
500 _a / famiglia, coppia, malattie-mentali, rapporti-genitori-figli, formazione-personalità, cura, servizi-sanitari /
650 _aservizi-alla-persona
700 _aColucci Maria Rita
700 _aDisnan Giuseppe
942 _cBK
957 _71
999 _a23170
_bsi
_g1
_c214958
_d214958